[Event "friends of jacob"]
[Site "SchemingMind.com"]
[Date "2010.11.27"]
[Round "-"]
[White "Will Grummitt"]
[Black "pclaxton"]
[Result "0-1"]
[WhiteCountry "ENG"]
[BlackCountry "ENG"]
[WhiteElo "1694"]
[WhiteRD "55"]
[BlackElo "1261"]
[BlackRD "60"]
[GameID "268050"]

1. d4 d5 2. c4 dxc4 3. Nc3 Nc6 4. Nf3 f6 5. e4 e5 6. d5 Nce7 7. Bxc4 c6 8. O-O Rb8 9. dxc6 Nxc6 10. Qxd8+ Nxd8
11. Be3 Ra8 12. Rad1 Be6 13. Bb5+ Nc6 14. Nd5 Rc8 15. Bxa7 Ne7 16. Nxe7 Bxe7 17. Rc1 Bd7 18. Bxc6 Rxc6 19. Rxc6 Bxc6 20. Nd2 O-O
21. f3 Rd8 22. Nb3 Ra8 23. Be3 Rxa2 24. Rf2 Ba4 25. Nc5 Bxc5 26. Bxc5 Bb5 27. b4 Ra1+ 28. Rf1 Rxf1#
0-1

[Event "friends of jacob"]
[Site "SchemingMind.com"]
[Date "2010.11.30"]
[Round "-"]
[White "Will Grummitt"]
[Black "Jacob"]
[Result "1-0"]
[WhiteCountry "ENG"]
[BlackCountry "MEX"]
[WhiteElo "1694"]
[WhiteRD "55"]
[BlackElo "1256"]
[BlackRD "121"]
[GameID "268051"]

1. d4 d5 2. c4 c5 3. e3 e6 4. Nf3 Nf6 5. Nc3 Nc6 6. cxd5 cxd4 7. dxc6 dxc3 8. Qxd8+ Kxd8 9. cxb7 cxb2 10. bxc8=Q+ Kxc8
11. Bxb2 Rb8 12. Bxf6 gxf6 13. Ba6+ Kd8 14. O-O f5 15. Rfd1+ Ke8 16. Rac1 Ba3 17. Rc3 Bb2 18. Rc7 Rb6 19. Bf1 Rg8 20. Rdd7 Rg7
21. Rxa7 Rc6 22. Ne5 Rc5 23. Nxf7 Rxf7 24. Rxf7 f4 25. Rxh7 Rd5 26. Ra8+ Rd8 27. Bb5+ Kf8 28. Rxd8#
1-0

[Event "friends of jacob"]
[Site "SchemingMind.com"]
[Date "2010.11.27"]
[Round "-"]
[White "Phillip Beckett"]
[Black "Will Grummitt"]
[Result "0-1"]
[WhiteCountry "ENG"]
[BlackCountry "ENG"]
[WhiteElo "1623"]
[WhiteRD "53"]
[BlackElo "1709"]
[BlackRD "56"]
[GameID "268053"]

1. e4 e6 2. d4 d5 3. Nd2 Nf6 4. e5 Nfd7 5. f4 c5 6. c3 Be7 7. Ndf3 O-O 8. Ne2 Nc6 9. g3 Qb6 10. Bh3 h6
11. Kf1 Qa6 12. Kg2 Nb6 13. Be3 Qb5 14. Qb3 Qxe2+
0-1

[Event "friends of jacob"]
[Site "SchemingMind.com"]
[Date "2010.12.01"]
[Round "-"]
[White "yoponz"]
[Black "Will Grummitt"]
[Result "0-1"]
[WhiteCountry "ENG"]
[BlackCountry "ENG"]
[WhiteElo "1469"]
[WhiteRD "71"]
[BlackElo "1852"]
[BlackRD "55"]
[GameID "268054"]

1. e4 e6 2. Nf3 d5 3. Nc3 Bc5 4. d4 dxe4 5. Nxe4 Bb6 6. c3 Nf6 7. Bg5 Nbd7 8. Bb5 c6 9. Bxf6 Nxf6 10. Nxf6+ Qxf6
11. Bc4 O-O 12. O-O Re8 13. Re1 Bc7 14. g3 b5 15. Bd3 Bd7 16. Rc1 Rad8 17. Kg2 e5 18. dxe5 Bxe5 19. Nxe5 Rxe5 20. Rxe5 Qxe5
21. f3 Bf5 22. Qe1 Qxe1 23. Rxe1 Bxd3 24. f4 g6 25. Kf2 Bf5 26. Re7 Rd7 27. Re8+ Kg7 28. Ra8 Rd2+ 29. Kf3 Rxb2 30. Rxa7 Rxh2
31. g4 Bb1 32. Rc7 Rh3+ 33. Kg2 Rxc3 34. Kf2 Bxa2 35. Rb7 Bd5 36. Re7 Rf3+ 37. Kg2 Re3+ 38. Kf2 Rxe7 39. Kg3 b4 40. Kf2 b3
41. Kg3 b2
0-1

[Event "friends of jacob"]
[Site "SchemingMind.com"]
[Date "2010.11.27"]
[Round "-"]
[White "tom claxton"]
[Black "Will Grummitt"]
[Result "0-1"]
[WhiteCountry "ENG"]
[BlackCountry "ENG"]
[WhiteElo "1438"]
[WhiteRD "59"]
[BlackElo "1709"]
[BlackRD "56"]
[GameID "268055"]

1. d4 d5 2. Nc3 Nc6 3. Nf3 Nf6 4. Bg5 e6 5. e3 h6 6. Bh4 Be7 7. Bb5 Bd7 8. Qd3 O-O 9. Bxf6 Bxf6 10. Bxc6 Bxc6
11. Nd2 Qd6 12. Nb5 Qd7 13. O-O Bxb5 14. c4 dxc4 15. Nxc4 Qd5 16. b3 Ba6 17. Rac1 Bxc4 18. bxc4 Qa5 19. Rc2 b6 20. f4 Rfd8
21. Rf3 c5 22. Rg3 cxd4 23. exd4 Rxd4 24. Qf3 Rd1+ 25. Kf2 Qe1#
0-1

[Event "friends of jacob"]
[Site "SchemingMind.com"]
[Date "2010.11.27"]
[Round "-"]
[White "pclaxton"]
[Black "Will Grummitt"]
[Result "0-1"]
[WhiteCountry "ENG"]
[BlackCountry "ENG"]
[WhiteElo "1261"]
[WhiteRD "60"]
[BlackElo "1694"]
[BlackRD "55"]
[GameID "268056"]

1. e4 e6 2. d4 d5 3. Nc3 Bb4 4. exd5 exd5 5. Bd2 Nf6 6. a3 Ba5 7. Bb5+ c6 8. Bd3 O-O 9. Qf3 Re8+ 10. Nge2 Bg4
11. Qg3 Qe7 12. f3 Bc7 13. Bf4 Bxf4 14. Qxf4 Bd7 15. O-O Qd8 16. Rfe1 Be6 17. Bf5 Nbd7 18. Ng3 Bxf5 19. Nxf5 Rxe1+ 20. Rxe1 Qf8
21. h4 Re8 22. Rxe8 Qxe8 23. g4 h6 24. g5 hxg5 25. Qxg5 g6 26. Nd6 Qe1+ 27. Kg2 b5 28. b4 Qxc3 29. Kg3 Nh5+ 30. Kg4 Qxd4+
31. Kh3 Nf4+ 32. Kh2 Qf2+ 33. Kh1 Qxf3+ 34. Kg1 Nh3+ 35. Kh2 Nxg5 36. hxg5 Qf4+ 37. Kg2 Qxd6 38. Kf3 Ne5+ 39. Ke2 Nc4 40. Kd3 Qg3+
41. Kd4 Qxg5 42. Kc5 Qf6 43. a4 Qd6+ 44. Kd4 bxa4
0-1

[Event "friends of jacob"]
[Site "SchemingMind.com"]
[Date "2010.11.30"]
[Round "-"]
[White "Jacob"]
[Black "Will Grummitt"]
[Result "0-1"]
[WhiteCountry "MEX"]
[BlackCountry "ENG"]
[WhiteElo "1338"]
[WhiteRD "105"]
[BlackElo "1741"]
[BlackRD "54"]
[GameID "268057"]

1. e4 e6 2. f4 d5 3. e5 Ne7 4. d4 Nbc6 5. Bb5 Bd7 6. Bxc6 Bxc6 7. Nc3 Nf5 8. Nf3 Bb4 9. a3 Bxc3+ 10. bxc3 O-O
11. Ng5 h6 12. Nf3 Qe7 13. g3 Qd7 14. a4 Bxa4 15. Ba3 Rfe8 16. O-O Ne3 17. Qe1 Nxf1 18. Qxf1 Qb5 19. Qxb5 Bxb5 20. Bc5 b6
21. Bb4 a5 22. Ba3 Rec8 23. h4 c5 24. dxc5 bxc5 25. Rb1 Be2 26. Nd2 Bg4 27. Rb7 c4 28. Bd6 Bd1 29. g4 Bxg4 30. f5 Bxf5
31. h5 Bxc2 32. Nf3 Bd1 33. Nd4 Bxh5 34. Nc2 a4 35. Na3 Rd8 36. Nb5 a3 37. Nc7 a2 38. Nxa8 a1=Q+ 39. Kf2 Qxa8 40. Rc7 Qa2+
41. Ke3 Qe2+ 42. Kd4 Qd3+ 43. Kc5 Qe3+ 44. Kc6 Rb8 45. Kd7 Qg5 46. Kc6 f5 47. exf6 Be8+ 48. Kc5 Qe3#
0-1

[Event "friends of jacob"]
[Site "SchemingMind.com"]
[Date "2010.12.07"]
[Round "-"]
[White "lark"]
[Black "Phillip Beckett"]
[Result "0-1"]
[WhiteCountry "ENG"]
[BlackCountry "ENG"]
[WhiteElo "1474"]
[WhiteRD "174"]
[BlackElo "1629"]
[BlackRD "53"]
[GameID "269269"]

1. c4 d5 2. b3 dxc4 3. bxc4 Nf6 4. Nc3 e6 5. Qa4+ Bd7 6. Qb3 b6 7. Na4 Bc6 8. Bb2 Be7 9. O-O-O O-O 10. Bxf6 Bxf6
11. e3 Qd6 12. c5 bxc5 13. Bb5 Qe5 14. Bxc6 Nxc6 15. Nc3 Rfb8 16. Qa4 Nb4 17. Nf3 Nd3+ 18. Kc2 Nb4+ 19. Kb3 Nc6+ 20. Kc2 Qf5+
21. e4 Qg6 22. Qxc6 Bxc3 23. Kxc3 Qf6+ 24. Kd3 Rd8+ 25. Kc4 Rd4+ 26. Kc3 Rd6+ 27. e5 Rxc6 28. Rb1 Qf4 29. d3 g5 30. Rb2 g4
31. Nh4 Qd4+ 32. Kc2 c4 33. Rhb1 Qxd3+ 34. Kc1 c3 35. Rc2 Qf1#
0-1

[Event "friends of jacob"]
[Site "SchemingMind.com"]
[Date "2010.12.12"]
[Round "-"]
[White "lark"]
[Black "Will Grummitt"]
[Result "0-1"]
[WhiteCountry "ENG"]
[BlackCountry "ENG"]
[WhiteElo "1388"]
[WhiteRD "113"]
[BlackElo "1811"]
[BlackRD "56"]
[GameID "269270"]

1. Nf3 Nf6 2. g3 g6 3. b3 Bg7 4. Bb2 O-O 5. Bxf6 Bxf6 6. Nc3 d6 7. Bg2 Nc6 8. O-O Be6 9. Rc1 Qd7 10. Ne4 Bb2
11. Rb1 Bg7 12. Nfg5 Bf5 13. f3 h6 14. Nh3 Bxh3 15. Bxh3 Qxh3 16. c3 d5 17. Nf2 Qd7 18. b4 a6 19. b5 Nd8 20. bxa6 Rxa6
21. Nd3 Ne6 22. Rxb7 Rxa2 23. Qb1 Rfa8 24. Nb4 R2a7 25. Rxa7 Rxa7 26. Nd3 Qc6 27. Qb8+ Kh7 28. Qxa7 d4 29. cxd4 Bxd4+ 30. Qxd4 Nxd4
31. Ne5 Qe6 32. f4 Nxe2+ 33. Kf2 Nd4 34. Ke3 Nf5+ 35. Ke4 f6 36. g4 Nd6+ 37. Kd4 fxe5+ 38. Kc5 Qc4#
0-1

[Event "friends of jacob"]
[Site "SchemingMind.com"]
[Date "2010.12.08"]
[Round "-"]
[White "lark"]
[Black "tom claxton"]
[Result "0-1"]
[WhiteCountry "ENG"]
[BlackCountry "ENG"]
[WhiteElo "1255"]
[WhiteRD "78"]
[BlackElo "1413"]
[BlackRD "56"]
[GameID "269272"]

1. Nf3 d5 2. g3 Nc6 3. Bg2 e5 4. O-O e4 5. Ne1 Bg4 6. h3 Be6 7. e3 Nf6 8. d4 Ne7 9. f3 Ng6 10. fxe4 dxe4
11. Nc3 Bd6 12. Nxe4 Nxe4 13. Bxe4 Bxh3 14. Ng2 Bxg3 15. Qf3 Be6 16. Bxg6 fxg6 17. Qxg3 c6 18. Qe5 Qe7 19. e4 Bc4 20. Bh6 Qxe5
21. dxe5 Bxf1 22. Kxf1 gxh6 23. Nf4 Rf8 24. e6 Rxf4+ 25. Kg2 Rxe4 26. Rh1 Re2+ 27. Kf3 Rxe6 28. Rxh6 Re7 29. b3 O-O-O 30. Kf4 Rf8+
31. Kg5 Re5+ 32. Kg4 Re4+ 33. Kg3 Rf1 34. Rxh7 Re2 35. Rh8+ Kc7 36. Rh7+ Kb6 37. Rg7 Rxc2 38. Kg4 Rg2+ 39. Kh3 Rfg1 40. a4 g5
41. b4 Rb2 42. a5+ Ka6 43. Rg6 Rbg2 44. Rf6 g4+ 45. Kh4 g3 46. Kg4 Rf2 47. Rxf2 gxf2+ 48. Kf3 f1=Q+ 49. Ke4 Qd1
0-1

[Event "friends of jacob"]
[Site "SchemingMind.com"]
[Date "2010.12.12"]
[Round "-"]
[White "lark"]
[Black "pclaxton"]
[Result "0-1"]
[WhiteCountry "ENG"]
[BlackCountry "ENG"]
[WhiteElo "1255"]
[WhiteRD "78"]
[BlackElo "1375"]
[BlackRD "60"]
[GameID "269273"]

1. Nf3 f5 2. g3 e6 3. Bg2 Nf6 4. O-O g6 5. b3 Bh6 6. d3 Bxc1 7. Qxc1 O-O 8. c4 c6 9. Nc3 d5 10. Qe3 Ng4
11. Qg5 Qxg5 12. Nxg5 Rf6 13. cxd5 cxd5 14. Bh3 Ne5 15. d4 Nec6 16. Nb5 Na6 17. Nd6 Nxd4 18. Ne8 Nxe2+ 19. Kh1 Rf8 20. Nd6 h6
21. Ngf7 e5 22. Rfe1 Nd4 23. Nxc8 Raxc8 24. Nd6 Rcd8 25. Nxb7 Rd7 26. Na5 Nc2 27. Nc6 Nxe1 28. Nxe5 Rg7 29. Rxe1 Re8 30. Bf1 Nc5
0-1

[Event "friends of jacob"]
[Site "SchemingMind.com"]
[Date "2010.12.12"]
[Round "-"]
[White "lark"]
[Black "Jacob"]
[Result "1-0"]
[WhiteCountry "ENG"]
[BlackCountry "MEX"]
[WhiteElo "1255"]
[WhiteRD "78"]
[BlackElo "1145"]
[BlackRD "76"]
[GameID "269274"]

1. Nf3 Nc6 2. g3 Nf6 3. Bg2 d5 4. d3 Bd7 5. O-O e5 6. Bg5 Be7 7. Bxf6 Bxf6 8. Nfd2 Qe7 9. Nf3 O-O 10. e4 d4
11. c3 dxc3 12. Nxc3 Rad8 13. Nd5 Qe6 14. Nxf6+ Qxf6 15. Qb3 b6 16. Rfd1 Na5 17. Qc3 c5 18. Qxe5
1-0

[Event "friends of jacob"]
[Site "SchemingMind.com"]
[Date "2010.12.07"]
[Round "-"]
[White "Phillip Beckett"]
[Black "lark"]
[Result "1-0"]
[WhiteCountry "ENG"]
[BlackCountry "ENG"]
[WhiteElo "1694"]
[WhiteRD "52"]
[BlackElo "1362"]
[BlackRD "142"]
[GameID "269276"]

1. e4 e5 2. Nf3 d6 3. d4 Nf6 4. dxe5 dxe5 5. Qxd8+ Kxd8 6. Nxe5 Be6 7. f3 Bd6 8. Nd3 Bc4 9. Nd2 Bxd3 10. Bxd3 Nc6
11. Nc4 Bb4+ 12. c3 Be7 13. Bf4 Nh5 14. Be3 g6 15. O-O-O b5 16. Nd2 g5 17. Bxb5 Kd7 18. Nc4+ Ke8 19. Bxc6+ Kf8 20. Bxa8 Kg7
21. Bd4+ f6 22. e5 Rxa8 23. exf6+ Bxf6 24. Bxf6+ Kxf6 25. Rd7 Rb8 26. Rxc7 Rb4 27. cxb4 Nf4 28. Rxa7 Nxg2 29. Rd1 h5 30. Rd5 Nf4
31. Rc5 g4 32. Ra6+ Ne6 33. Rcc6 gxf3 34. Rxe6+ Kg5 35. Re4 Kf5 36. Rae6 f2 37. Nd2 h4 38. R6e5+ Kf6 39. Rh5 Kg6 40. Rhxh4 Kg5
41. Rhf4 f1=Q+ 42. Rxf1
1-0

[Event "friends of jacob"]
[Site "SchemingMind.com"]
[Date "2010.12.07"]
[Round "-"]
[White "Will Grummitt"]
[Black "lark"]
[Result "1/2-1/2"]
[WhiteCountry "ENG"]
[BlackCountry "ENG"]
[WhiteElo "1694"]
[WhiteRD "55"]
[BlackElo "1474"]
[BlackRD "174"]
[GameID "269277"]

1. d4 Nf6 2. c4 g6 3. Nc3 Bg7 4. e4 d6 5. Be2 Bg4 6. Bxg4 Nxg4 7. Qxg4 h5 8. Qd1 Qd7 9. Nf3 Qc6 10. Qd3 e5=
11. d5 Qd7 12. Be3 c6 13. O-O cxd5 14. cxd5 O-O 15. Qb5 Qd8= 16. Qxb7 Nd7 17. Bxa7 Qa5 18. Be3 Nc5 19. Bxc5 Qxc5 20. Qb3 Rfb8
21. Qc2 Qb4 22. b3 Rc8 23. Rfc1 f5 24. exf5 e4 25. Ne1 Rxc3 26. Qd1 gxf5= 27. Rxc3 Bxc3 28. Rc1 Rxa2 29. Kf1 Bxe1 30. Qxe1 Qxb3
31. Qd1 Qxd1+ 32. Rxd1 Kf7 33. g3 Kf6 34. Rc1 e3=
1/2-1/2

[Event "friends of jacob"]
[Site "SchemingMind.com"]
[Date "2010.12.09"]
[Round "-"]
[White "tom claxton"]
[Black "lark"]
[Result "1-0"]
[WhiteCountry "ENG"]
[BlackCountry "ENG"]
[WhiteElo "1413"]
[WhiteRD "56"]
[BlackElo "1255"]
[BlackRD "78"]
[GameID "269279"]

1. d4 Nf6 2. Nc3 g6 3. e4 d6 4. e5 dxe5 5. dxe5 Nfd7 6. Nf3 Bg7 7. Bc4 f6 8. exf6 Bxf6 9. Bh6 Bxc3+ 10. bxc3 Nb6
11. Qxd8+ Kxd8 12. Rd1+ N8d7 13. Bb5 a6 14. Bxd7 Bxd7 15. Ne5 Ke8 16. Bg7 Rg8 17. Bh6 c5 18. O-O Bb5 19. Rfe1 Nc4 20. Nxc4 Bxc4
21. Re5 Bxa2 22. Rxc5 Rd8 23. Rxd8+ Kxd8 24. Ra5 Bc4 25. Rc5 b5 26. f4 a5 27. Rc6 a4 28. Ra6 Kd7 29. Kf2 Rb8 30. Ra7+ Ke6
31. Ke3 Rd8 32. g4 Rb8 33. Bg7 Rd8 34. Ke4 Bd5+ 35. Ke3 Bc4 36. Ke4 Bd5+ 37. Ke3 Ra8 38. Rxa8 Bxa8 39. Kd4 a3 40. c4 a2
41. Kc5 Kf7 42. Bd4 h5 43. g5 Ke6 44. Kxb5
1-0

[Event "friends of jacob"]
[Site "SchemingMind.com"]
[Date "2010.12.07"]
[Round "-"]
[White "pclaxton"]
[Black "lark"]
[Result "0-1"]
[WhiteCountry "ENG"]
[BlackCountry "ENG"]
[WhiteElo "1261"]
[WhiteRD "60"]
[BlackElo "1474"]
[BlackRD "174"]
[GameID "269280"]

1. e4 e5 2. d3 Nf6 3. Nc3 g6 4. f4 Bh6 5. Nge2 O-O 6. g3 Nc6 7. fxe5 Nxe5 8. Bxh6 Re8 9. Bg5 Nf3+ 10. Kf2 Nxg5
11. h4 Ne6 12. Bh3 Kh8 13. Nf4 Nxf4 14. gxf4 Ng8 15. h5 Qh4+ 16. Kg1 Qxf4 17. Nd5 Qg3+ 18. Bg2 c6 19. Nb4 Qe3+ 20. Kf1 Re5
21. Rh3 Qf4+ 22. Bf3 d5 23. exd5 Bxh3+ 24. Kf2 Qh2+ 25. Bg2 Qxg2#
0-1

[Event "friends of jacob"]
[Site "SchemingMind.com"]
[Date "2010.12.10"]
[Round "-"]
[White "Jacob"]
[Black "lark"]
[Result "0-1"]
[WhiteCountry "MEX"]
[BlackCountry "ENG"]
[WhiteElo "1145"]
[WhiteRD "76"]
[BlackElo "1255"]
[BlackRD "78"]
[GameID "269281"]

1. e4 e5 2. Nf3 d6 3. Nc3 Nf6 4. d3 Bg4 5. Bg5 Bxf3 6. Bxf6 Qxf6 7. Qxf3 Qxf3 8. gxf3 g6 9. O-O-O Bh6+ 10. Kb1 O-O
11. Bh3 c5 12. Nd5 Nc6 13. Rhg1 Nd4 14. Bf5 Nxf5 15. exf5 Bf4 16. fxg6 fxg6 17. h4 Bh2 18. Rg2 Bf4 19. Ne7+ Kf7
0-1